wizard of oz quiz - Statistics

General Stats
  • This quiz has been taken 455 times
    408 since last reset
  • The average score is 13 of 15
Answer Stats
Hint Answer % Correct
what is Dorothy dogs name toto
100%
where is Dorothy from kansas
99%
what does the scarecrow need brain
98%
what does the tin man need heart
97%
what color road must she follow yellow
96%
what does the cowardly lion need courage
95%
what color is her dress blue
94%
who plays Dorothy judy garland
90%
who is the first person she meets scarecrow
89%
who is the second person she meets tinman
89%
what is dorothys last name gale
84%
who is the last person she meets cowardly lion
79%
what song does dorothy sing somewhere over the rainbow
75%
who does her house land on wicked witch of the east
75%
what color are her shoes ruby red
34%
No matching quizzes found
Score Distribution
Percent of People with Each Score
Percentile by Number Answered
Your Score History
You have not taken this quiz since the last reset